000 00924nam a2200265Ia 4500
001 8549
003 GE_BSU
008 181216s||||||||xx |||||||||||||| ||und||
020 _a9789941180071.
040 _cGE_BSU
080 _a821.353.1-11
100 _aვაჟა-ფშაველა
245 _aალუდა ქეთელაური.
245 _bპოემა.
245 _cწინასიტყვ.აკა მორჩილაძისა.
250 _aილიას ბიბლიოთეკა დემოკრატიული ღირებულებები ქართულ კულტურაში.
260 _aთბილისი.
260 _bილიას უნ-ტი.
260 _c2010.
300 _a30გვ;15სმ.
541 _h2ლ.
653 _aალუდა ქეთელაური.
653 _aპოემა.
942 _cBK
999 _c41866
_d41866